1947 The Earth (Record no. 34346)
[ view plain ]
| 000 -LEADER | |
|---|---|
| fixed length control field | 02994ngm a2200445 4500 |
| 003 - CONTROL NUMBER IDENTIFIER | |
| control field | dpl |
| 005 - DATE AND TIME OF LATEST TRANSACTION | |
| control field | 20100302151630.0 |
| 007 - PHYSICAL DESCRIPTION FIXED FIELD--GENERAL INFORMATION | |
| fixed length control field | DVD |
| 008 - FIXED-LENGTH DATA ELEMENTS--GENERAL INFORMATION | |
| fixed length control field | ||||||sp199 xxu|||||c ||| 00| 0 ng d |
| 010 ## - LIBRARY OF CONGRESS CONTROL NUMBER | |
| LC control number | DVD-005757-5764 & DVD-006331 |
| 024 ## - OTHER STANDARD IDENTIFIER | |
| Standard number or code | DVD-E 1495 |
| Terms of availability | 99.00 |
| 035 ## - SYSTEM CONTROL NUMBER | |
| System control number | DVD-006331` |
| 035 ## - SYSTEM CONTROL NUMBER | |
| System control number | DVD-005757-5764 |
| 040 ## - CATALOGING SOURCE | |
| Original cataloging agency | DPL |
| Transcribing agency | DPL |
| 082 ## - DEWEY DECIMAL CLASSIFICATION NUMBER | |
| Classification number | DVD / 1947 |
| 245 ## - TITLE STATEMENT | |
| Title | 1947 The Earth |
| Statement of responsibility, etc | Deepa Mehta Presents |
| Medium | [videorecording] DVD/ |
| 246 ## - VARYING FORM OF TITLE | |
| Title proper/short title | Ninteen Forty Seven The Earth |
| 260 ## - PUBLICATION, DISTRIBUTION, ETC. (IMPRINT) | |
| Name of publisher, distributor, etc | Eros International |
| 300 ## - PHYSICAL DESCRIPTION | |
| Extent | 1 videodisc DVD;( 105 Min) |
| Other physical details | sd., col. ; |
| Dimensions | 4 3/4 in. |
| Type of unit | DVD |
| 440 ## - SERIES STATEMENT/ADDED ENTRY--TITLE | |
| Title | Eros International |
| 500 ## - GENERAL NOTE | |
| General note | From the Director of Fire |
| 538 ## - SYSTEM DETAILS NOTE | |
| System details note | Dolby Digital 5.1 - Hindi Subtitles: English |
| 650 ## - SUBJECT ADDED ENTRY--TOPICAL TERM | |
| Topical term or geographic name as entry element | Motion Picture |
| 700 ## - ADDED ENTRY--PERSONAL NAME | |
| Personal name | Mehta, Deepa |
| 700 ## - ADDED ENTRY--PERSONAL NAME | |
| Personal name | Aamir Khan |
| 700 ## - ADDED ENTRY--PERSONAL NAME | |
| Personal name | Dass, Nandita |
| 700 ## - ADDED ENTRY--PERSONAL NAME | |
| Personal name | Khanna, Rahyul |
| 942 ## - ADDED ENTRY ELEMENTS (KOHA) | |
| Koha item type | CD-ROMs, DVDs, VHS |
| Source of classification or shelving scheme | Dewey Decimal Classification |
| Classification part | DVD |
| Call number suffix | 1947 |
| Withdrawn status | Lost status | Source of classification or shelving scheme | Damaged status | Not for loan | Home library | Current library | Date acquired | Source of acquisition | Cost, normal purchase price | Total Checkouts | Total Renewals | Full call number | Barcode | Date last seen | Date checked out | Copy number | Cost, replacement price | Price effective from | Koha item type | Public note |
|---|---|---|---|---|---|---|---|---|---|---|---|---|---|---|---|---|---|---|---|---|
| Dewey Decimal Classification | Central Library | Central Library | 02/03/2010 | Pioneers/1003/17-11-09/325/13-10-09 /30-11-09 | 99.00 | 22 | 1 | DVD 1947 | DVD-005757 | 09/10/2014 | 25/08/2014 | 1 | 99.00 | 02/03/2010 | CD-ROMs, DVDs, VHS | |||||
| Dewey Decimal Classification | Janak Puri | Janak Puri | 11/03/2010 | Pioneers/1099/25-12-09/325/13-10-09 /30-12-09 | 99.00 | 16 | 1 | DVD 1947 | DVD-006331 | 07/04/2014 | 08/03/2014 | 1 | 99.00 | 11/03/2010 | CD-ROMs, DVDs, VHS | |||||
| Dewey Decimal Classification | Karol Bagh | Karol Bagh | 02/03/2010 | Pioneers/1003/17-11-09/325/13-10-09 /30-11-09 | 99.00 | 12 | DVD 1947 | DVD-005762 | 19/08/2014 | 06/08/2014 | 1 | 99.00 | 02/03/2010 | CD-ROMs, DVDs, VHS | ||||||
| Dewey Decimal Classification | Narela | Narela | 02/03/2010 | Pioneers/1003/17-11-09/325/13-10-09 /30-11-09 | 99.00 | 6 | DVD 1947 | DVD-005763 | 15/01/2013 | 12/01/2013 | 1 | 99.00 | 02/03/2010 | CD-ROMs, DVDs, VHS | ||||||
| Dewey Decimal Classification | Patel Nagar | Patel Nagar | 02/03/2010 | Pioneers/1003/17-11-09/325/13-10-09 /30-11-09 | 99.00 | 19 | 1 | DVD 1947 | DVD-005758 | 27/10/2015 | 23/09/2015 | 1 | 99.00 | 02/03/2010 | CD-ROMs, DVDs, VHS | |||||
| Dewey Decimal Classification | R.K.Puram-8 | R.K.Puram-8 | 02/03/2010 | Pioneers/1003/17-11-09/325/13-10-09 /30-11-09 | 99.00 | 2 | DVD 1947 | DVD-005760 | 02/07/2016 | 10/06/2016 | 1 | 99.00 | 02/03/2010 | CD-ROMs, DVDs, VHS | ||||||
| Dewey Decimal Classification | Sarojini Nagar | Sarojini Nagar | 02/03/2010 | Pioneers/1003/17-11-09/325/13-10-09 /30-11-09 | 99.00 | 17 | DVD 1947 | DVD-005759 | 11/10/2012 | 20/09/2011 | 1 | 99.00 | 02/03/2010 | CD-ROMs, DVDs, VHS | Cost Rs.99.00 vide R.No. 28/097 dt 11-10-12 | |||||
| Dewey Decimal Classification | Shahdara Branch | Shahdara Branch | 02/03/2010 | Pioneers/1003/17-11-09/325/13-10-09 /30-11-09 | 99.00 | DVD 1947 | DVD-005764 | 08/07/2015 | 1 | 99.00 | 02/03/2010 | CD-ROMs, DVDs, VHS | ||||||||
| Dewey Decimal Classification | Vinoba Puri | Vinoba Puri | 02/03/2010 | Pioneers/1003/17-11-09/325/13-10-09 /30-11-09 | 99.00 | 14 | DVD 1947 | DVD-005761 | 09/09/2014 | 01/09/2014 | 1 | 99.00 | 02/03/2010 | CD-ROMs, DVDs, VHS |
